Delta Dawn- All Lyrics - Statistics

General Stats
  • This quiz has been taken 40 times
  • The average score is 119 of 148
Answer Stats
Answer % Correct
Dawn,
97%
Dawn
97%
Delta
97%
a
94%
A-
94%
And
94%
and
94%
by?
94%
by
94%
days
94%
days,
94%
Did
94%
did
94%
from
94%
gone
94%
he
94%
hear
94%
Hear
94%
I
94%
it
94%
that
94%
the
94%
what's
94%
you
94%
be
91%
Could
91%
flower
91%
have
91%
on
91%
on?
91%
rose
91%
say
91%
her
88%
Her
88%
his
88%
in
88%
In
88%
man
88%
sky?
88%
take
88%
faded
84%
mansion
84%
To
84%
to
84%
Today
81%
today
81%
was
81%
here
78%
she
78%
eyes
69%
For
69%
for
69%
meetin'
69%
She's
69%
she's
69%
Baby
66%
called
66%
calls
66%
crazy
66%
daddy
66%
ever
66%
laid
66%
Prettiest
66%
still
66%
hand
63%
they
63%
woman
63%
younger
63%
All
59%
suitcase
59%
with
59%
dark
56%
folks
56%
haired
56%
Looking
56%
mysterious
56%
around
53%
bride
53%
downtown
50%
side
50%
walks
50%
forty-one,
47%
Brownsville
44%
low
44%
of
44%
stood
44%
he'd
41%
Promised
41%
Then
41%
'Cause
28%
degree
25%
No matching quizzes found
Score Distribution
Percent of People with Each Score
Percentile by Number Answered
Your Score History
You have not taken this quiz